000 00268nam a22000857a 4500
008 211216b ||||| |||| 00| 0 eng d
100 _aChristie's Robson Lowe
245 _aThe Tara Collection of
_bConfederate States Stamps and Covers
650 _aConfederate States of America
999 _c3240
_d3240